banner-ar

LE CANTIQUE DES CANTIQUES / (Record no. 17137)

MARC details
000 -الفاتح
حقل البيانات ثابتة الطول 00392nam a2200157Ia 4500
008 - عناصر البيانات ثابتة الطول - معلومات عامة
حقل البيانات ثابتة الطول 140319s9999 xx 000 0 eng d
040 ## - مصدر الفهرسة
وكالة الفهرسة الأصلية GCL /
وكالة النسخ GCL
082 04 - رقم تصنيف ديوى العشرى
رقم التصنيف 841
رقم المادة D C
100 1# - المدخل الرئيسى - إسم شخصى
الإسم الشخصى DAHESH
245 10 - بيان العنوان
العنوان LE CANTIQUE DES CANTIQUES /
بيان المسئوليه,etc DAHESH
260 ## - PUBLICATION, DISTRIBUTION, ETC. (IMPRINT)
تاريخ النشر أو التوزيع 1978
650 04 - المدخل الاضافى بالموضوع-مصطلح موضوعى
مصطلح موضوعي FRENCH
650 04 - المدخل الاضافى بالموضوع-مصطلح موضوعى
مصطلح موضوعي POETRY
942 ## - عناصر المدخل الإضافي( كوها)
مصدر التصنيف او مخطط الترفيف Dewey Decimal Classification
Koha [default] item type كتاب
260 ## - PUBLICATION, DISTRIBUTION, ETC. (IMPRINT)
-- [S.N] :
-- THE DAHESHIST PUBLICHING CO. LTD ،
Holdings
حالة التراجع حالة الفقد حالة تلف ليس للاعارة المكان المؤقت الموقع الحالى تاريخ الاكتساب اجمالي اﻻعارات رقم الطلب الباركود تاريخ اخر مشاهدة تاريخ تفعيل السعر نوع وعاء كوها
        مكتبة القاهرة الكبرى مكتبة القاهرة الكبرى 03/26/2014   841\D C 30906 03/26/2014 03/26/2014 كتاب

Powered By

EGPV